[Event "33. Münsterland Open"]
[Site "Senden"]
[Date "2015.10.11"]
[Round "3.6"]
[White "Langhanke, Günther"]
[Black "Baumann, Stephan"]
[Result "0-1"]
[WhiteElo "2137"]
[BlackElo "1996"]
[PlyCount "104"]
[EventDate "2015.??.??"]
[WhiteTeam "SC Klein-Berlin Rheine"]
[BlackTeam "SK Münster"]

1. e4 e5 2. Bc4 Nc6 3. Nf3 Nf6 4. d3 Be7 5. c3 O-O 6. O-O d5 7. exd5 Nxd5 8. h3
Nb6 9. Bb3 Bf5 10. Bc2 Qd6 11. Qe2 Rad8 12. Rd1 Rfe8 13. Be3 Qg6 14. Kh1 Nd5
15. Ne1 Bg5 16. Qf3 Nxe3 17. fxe3 e4 18. dxe4 Rxd1 19. Qxd1 Bxe4 20. Bxe4 Qxe4
21. Nd2 Qxe3 22. Nef3 Bf6 23. Qb3 Qb6 24. Qxb6 axb6 25. Kg1 Kf8 26. Kf1 Ne5 27.
Nxe5 Bxe5 28. Nf3 Bd6 29. Rd1 Re4 30. Rd5 h6 31. b3 Ke7 32. c4 c6 33. Rd3 Bg3
34. Rd4 Rxd4 35. Nxd4 Be5 36. Nc2 Kf6 37. Kf2 Kg5 38. Kf3 f5 39. Ne1 h5 40. Nd3
Bd6 41. Ne1 Kh4 42. Nc2 g5 43. Nd4 g4+ 44. hxg4 hxg4+ 45. Ke2 Kg5 46. Ne6+ Kf6
47. Nd4 Ke5 48. Kd3 Bc5 49. Ne2 f4 50. Nc3 f3 51. gxf3 g3 52. b4 g2 0-1

[Event "33. Münsterland Open"]
[Site "Senden"]
[Date "2015.10.11"]
[Round "3.7"]
[White "Starp, Klaus"]
[Black "Holtel, Jasper"]
[Result "0-1"]
[WhiteElo "2047"]
[BlackElo "2316"]
[PlyCount "48"]
[EventDate "2015.??.??"]
[WhiteTeam "SV Ahlen"]
[BlackTeam "SK Münster"]

1. e4 c5 2. Nf3 d6 3. d4 cxd4 4. Nxd4 Nf6 5. Nc3 a6 6. Bg5 e6 7. f4 Be7 8. Qf3
Nbd7 9. O-O-O Qc7 10. g4 h6 11. Bxf6 Bxf6 12. h4 Qb6 13. Nde2 g5 14. hxg5 hxg5
15. Rxh8+ Bxh8 16. Bg2 gxf4 17. Qxf4 Be5 18. Qf3 Bg7 19. g5 Ne5 20. Qh3 Bd7 21.
b3 O-O-O 22. Nf4 Kb8 23. Nb1 Rc8 24. c4 Nxc4 0-1

[Event "33. Münsterland Open"]
[Site "Senden"]
[Date "2015.10.11"]
[Round "3.8"]
[White "Meyer, Ulrich"]
[Black "Torres-Kuckel, Rafael"]
[Result "1/2-1/2"]
[WhiteElo "2005"]
[BlackElo "2225"]
[PlyCount "74"]
[EventDate "2015.??.??"]
[WhiteTeam "SK Münster"]
[BlackTeam "SV Ahlen"]

1. d4 d6 2. Bg5 Nd7 3. Nf3 Ngf6 4. Bxf6 Nxf6 5. e3 g6 6. Bd3 Bg7 7. c3 O-O 8.
Nbd2 c6 9. Qe2 Qc7 10. O-O e5 11. Ng5 h6 12. dxe5 dxe5 13. Nge4 Nd5 14. c4 Nb4
15. Bb1 f5 16. Nc3 e4 17. a3 Na6 18. f3 exf3 19. Rxf3 Re8 20. Bc2 Nc5 21. Raf1
Qb6 22. Nd1 Bxb2 23. h4 h5 24. Rg3 Kh7 25. Bxf5 Bxf5 26. Rxf5 Re6 27. Nxb2 Qxb2
28. Rxc5 Rd8 29. Qf3 Rf6 30. Qe4 Rxd2 31. Qe7+ Kg8 32. Rxh5 Rdd6 33. Rh7 Rf1+
34. Kh2 Qa1 35. Rg7+ Qxg7 36. Qxd6 Rf6 37. Qd8+ Kh7 1/2-1/2

[Event "33. Münsterland Open"]
[Site "Senden"]
[Date "2015.10.11"]
[Round "3.9"]
[White "Volesky, Alexander"]
[Black "Gebhardt, Ulrich"]
[Result "0-1"]
[WhiteElo "1983"]
[BlackElo "2170"]
[PlyCount "50"]
[EventDate "2015.??.??"]
[WhiteTeam "SV Ahlen"]
[BlackTeam "SK Ettlingen"]

1. e4 c5 2. Nf3 e6 3. d4 cxd4 4. Nxd4 Nf6 5. Bd3 Nc6 6. Be3 d5 7. Nd2 Bd6 8.
O-O O-O 9. Nb5 Be7 10. Bg5 Ne5 11. Be2 a6 12. Nc3 d4 13. f4 dxc3 14. fxe5 cxb2
15. exf6 bxa1=Q 16. Qxa1 Bc5+ 17. Kh1 Bd4 18. Qe1 Bxf6 19. Bxf6 gxf6 20. e5 f5
21. Bd3 Kh8 22. Rf3 Rg8 23. Nc4 Bd7 24. Nd6 Qe7 25. Nc4 Bc6 0-1

[Event "33. Münsterland Open"]
[Site "Senden"]
[Date "2015.10.11"]
[Round "3.10"]
[White "Terhuven, Patrick"]
[Black "Hofene, Dieter"]
[Result "1-0"]
[WhiteElo "2138"]
[BlackElo "2081"]
[PlyCount "49"]
[EventDate "2015.??.??"]
[WhiteTeam "Krefelder SK Turm"]
[BlackTeam "SF Beelen"]

1. d4 Nf6 2. Nf3 e6 3. e3 Nc6 4. b3 Ne4 5. Bb2 Bb4+ 6. c3 Be7 7. Bd3 f5 8. Qc2
O-O 9. Bxe4 fxe4 10. Qxe4 d5 11. Qc2 e5 12. Nxe5 Nxe5 13. dxe5 Bf5 14. Qd2 Be4
15. O-O Rf3 $2 16. gxf3 Bxf3 17. Qd4 $2 (17. e4 $1 $18 Bxe4 (17... c6 18. Qf4
dxe4 19. Bc1) 18. f3) 17... Qd7 $2 (17... Qe8 18. Qf4 Qh5 19. Nd2 Rf8 20. Qg3
Bh4 21. Ba3 $1 Rf5 (21... Bxg3 22. fxg3 Rf5 23. Nxf3 Rxf3) 22. Nxf3 Bxg3 23.
fxg3 Rxf3 24. e6 $13) 18. Nd2 $18 Rf8 19. Nxf3 c5 20. e6 Qxe6 21. Qe5 Qg6+ 22.
Kh1 Bd6 23. Rg1 Bxe5 24. Rxg6 hxg6 25. Kg2 1-0

[Event "33. Münsterland Open"]
[Site "Senden"]
[Date "2015.10.12"]
[Round "4.1"]
[White "Zubarev, Alexander"]
[Black "Schleining, Zoya"]
[Result "1-0"]
[WhiteElo "2542"]
[BlackElo "2363"]
[PlyCount "81"]
[EventDate "2015.??.??"]
[WhiteTeam "SC Siegburg"]
[BlackTeam "SV Letmathe"]

1. c4 c5 2. Nf3 Nc6 3. d4 cxd4 4. Nxd4 e6 5. Nc3 Bc5 6. Nb3 Be7 7. g3 Nf6 8.
Bg2 d5 9. cxd5 Nxd5 10. Nxd5 exd5 11. Qxd5 Qxd5 12. Bxd5 Nb4 13. Be4 Bh3 14. a3
f5 15. Bb1 Nc6 16. f3 Bf6 17. Kf2 O-O-O 18. e4 Rhe8 19. Re1 Ne5 20. Bf4 g5 21.
Bxe5 Rxe5 22. exf5 Rb5 23. Bc2 Bxf5 24. Bxf5+ Rxf5 25. Rac1+ Kb8 26. Rc2 Rb5
27. Re6 Rf8 28. Re3 b6 29. Ke2 a5 30. Rd3 a4 31. Nd4 Bxd4 32. Rxd4 Rb3 33. f4
Re8+ 34. Kf2 g4 35. Rxa4 Rf3+ 36. Kg2 Re1 37. Rf2 Rd3 38. f5 h5 39. Raf4 Rdd1
40. Rf1 Rd2+ 41. R4f2 1-0

[Event "33. Münsterland Open"]
[Site "Senden"]
[Date "2015.10.12"]
[Round "4.2"]
[White "Baumann, Stephan"]
[Black "Kantans, Toms"]
[Result "0-1"]
[WhiteElo "1996"]
[BlackElo "2504"]
[PlyCount "92"]
[EventDate "2015.??.??"]
[WhiteTeam "SK Münster"]
[BlackTeam "SG Speyer-Schwegenheim"]

1. e4 c5 2. Nc3 Nc6 3. Bb5 g6 4. Bxc6 dxc6 5. f4 Bg7 6. Nf3 Nf6 7. O-O O-O 8.
d3 Ne8 9. Qe1 f5 10. Kh1 Nc7 11. e5 Nd5 12. Nxd5 Qxd5 13. Qf2 h6 14. Be3 c4 15.
dxc4 Qxc4 16. Rfd1 b6 17. b3 Qf7 18. a4 c5 19. Rd2 Bb7 20. Rad1 Bc6 21. c4 g5
22. Qe2 Qg6 23. Kg1 Kh7 24. Ne1 h5 25. Nf3 Bh6 26. fxg5 f4 27. Bf2 Bxg5 28. Qd3
Bh6 29. Qxg6+ Kxg6 30. Bh4 Rfe8 31. Kf2 Bg7 32. Re1 Kf5 33. g3 Bh6 34. Rdd1
fxg3+ 35. Bxg3 Rf8 36. Ke2 Kg4 37. Ng1 h4 38. Bf2 Rf5 39. h3+ Kh5 40. Rd3 Raf8
41. Be3 Rxe5 42. Kd1 Rxe3 43. Rdxe3 Bxe3 44. Rxe3 Rf1+ 45. Re1 Rxe1+ 46. Kxe1
Kg5 0-1

[Event "33. Münsterland Open"]
[Site "Senden"]
[Date "2015.10.12"]
[Round "4.3"]
[White "Podzielny, Karl-Heinz"]
[Black "Terhuven, Patrick"]
[Result "1-0"]
[WhiteElo "2409"]
[BlackElo "2138"]
[PlyCount "133"]
[EventDate "2015.??.??"]
[WhiteTeam "SV Letmathe"]
[BlackTeam "Krefelder SK Turm"]

1. d4 d5 2. Nf3 Nf6 3. c4 c6 4. Nc3 dxc4 5. a4 Bf5 6. Ne5 Nbd7 7. Nxc4 Qc7 8.
g3 e5 9. dxe5 Nxe5 10. Bf4 Nfd7 11. Qc1 Be6 12. Nxe5 Nxe5 13. Bg2 Bd6 14. O-O
Nc4 15. Bxd6 Qxd6 16. b3 Ne5 17. Ne4 Qe7 18. Nc5 O-O 19. a5 a6 20. Ra4 Rab8 21.
Qe3 Nd7 22. Nxe6 Qxe6 23. Qxe6 fxe6 24. Bh3 Kf7 25. Rd1 Nf6 26. Rad4 Rfe8 27.
Bg2 Ke7 28. Rb4 Kf7 29. h4 Ke7 30. g4 Nd5 31. Rc4 h6 32. g5 hxg5 33. hxg5 Rf8
34. Rdd4 Rbe8 35. e3 Rc8 36. Bh3 Rcd8 37. Re4 Rd6 38. Rh4 Rg8 39. Rce4 Rf8 40.
Re5 Nc7 41. Rhe4 Rd5 42. Rxd5 cxd5 43. Rb4 Nb5 44. Bf1 Nd6 45. Bd3 e5 46. f4 e4
47. Bf1 Rd8 48. Kf2 g6 49. Be2 Ke6 50. Ke1 Kd7 51. Kd2 Kc7 52. Rb6 Rh8 53. Bg4
Rh2+ 54. Kc3 Rg2 55. Be6 Nb5+ 56. Rxb5 axb5 57. Bxd5 Ra2 58. Bxe4 Rxa5 59. Bxg6
Kd6 60. e4 Ra1 61. e5+ Ke6 62. Kd4 Rd1+ 63. Bd3 Rg1 64. f5+ Ke7 65. g6 Rg3 66.
g7 Kf7 67. f6 1-0

[Event "33. Münsterland Open"]
[Site "Senden"]
[Date "2015.10.12"]
[Round "4.4"]
[White "Schuh, Dirk"]
[Black "Köllner, Christof"]
[Result "1-0"]
[WhiteElo "2360"]
[BlackElo "2132"]
[PlyCount "69"]
[EventDate "2015.??.??"]
[WhiteTeam "Düsseldorfer SK"]
[BlackTeam "SV Bergneustadt/Derschlag"]

1. e4 d6 2. d4 Nf6 3. Nc3 e5 4. Nf3 exd4 5. Nxd4 Be7 6. Be2 O-O 7. Bf4 a6 8.
Qd2 Re8 9. O-O-O Nc6 10. Nxc6 bxc6 11. e5 Nd5 12. Nxd5 cxd5 13. Qxd5 Be6 14.
Qd2 d5 15. Be3 Qc8 16. Qa5 c5 17. f4 d4 18. Bf2 Bd5 19. Bxd4 Bxg2 20. Rhg1 Qc6
21. Be3 Reb8 22. Qc3 f6 23. Bf2 fxe5 24. Qg3 Qb7 25. b3 Qb4 26. Rxg2 Qxf4+ 27.
Qxf4 exf4 28. Rd7 Bf6 29. Bf3 Rd8 30. Rxd8+ Rxd8 31. Bxc5 Bc3 32. Re2 g5 33.
Be7 Rd7 34. Bxg5 Bb4 35. c4 1-0

[Event "33. Münsterland Open"]
[Site "Senden"]
[Date "2015.10.12"]
[Round "4.5"]
[White "Gebhardt, Ulrich"]
[Black "Huhndorf, Arnold"]
[Result "1-0"]
[WhiteElo "2170"]
[BlackElo "2255"]
[PlyCount "45"]
[EventDate "2015.??.??"]
[WhiteTeam "SK Ettlingen"]
[BlackTeam "SV Wüselen"]

1. d4 Nf6 2. c4 c5 3. d5 e6 4. Nc3 exd5 5. cxd5 d6 6. e4 g6 7. f4 Bg7 8. Bb5+
Nfd7 9. Nf3 O-O 10. O-O a6 11. Bd3 b5 12. Kh1 Re8 13. f5 Nf6 14. Bg5 b4 15. Ne2
h6 16. Bxf6 Qxf6 17. fxg6 fxg6 18. e5 dxe5 19. Nfd4 Qg5 20. Ne6 Rxe6 21. dxe6
Bxe6 22. Be4 Ra7 23. Qd6 1-0

[Event "33. Münsterland Open"]
[Site "Senden"]
[Date "2015.10.12"]
[Round "4.6"]
[White "Schmitzer, Klaus"]
[Black "Virnyi, Julius"]
[Result "0-1"]
[WhiteElo "2264"]
[BlackElo "2100"]
[PlyCount "104"]
[EventDate "2015.??.??"]
[WhiteTeam "Bad Vilbeler Sfr"]
[BlackTeam "SK Münster"]

1. e4 c5 2. Nf3 d6 3. d4 cxd4 4. Nxd4 Nf6 5. Nc3 a6 6. f3 e5 7. Nb3 Be6 8. Be3
h5 9. Qd2 Nbd7 10. O-O-O Rc8 11. Kb1 b5 12. Qf2 Rxc3 13. bxc3 Qc7 14. Bd3 Qxc3
15. Bd2 Qc7 16. Ba5 Qb7 17. Rhe1 Be7 18. Ka1 O-O 19. h3 h4 20. Qxh4 Nb6 21. Nd2
Rc8 22. Qf2 Nfd7 23. Nb3 Nc4 24. Bxc4 bxc4 25. Nd2 c3 26. Rb1 Qc6 27. Nb3 Qa4
28. Qa7 Rc4 29. Bxc3 Rxc3 30. Rb2 Qc6 31. Kb1 Bd8 32. Rd1 Bc7 33. Rd3 Rc4 34.
Qf2 Bb6 35. Qd2 Bc7 36. Na5 Bxa5 37. Qxa5 g6 38. Qd2 Qc5 39. Qd1 Rd4 40. Rxd4
exd4 41. f4 Nb6 42. f5 Na4 43. Rb8+ Kg7 44. Qf3 Qc7 45. Rb4 Nc3+ 46. Kb2 Nxa2
47. f6+ Kh7 48. Rb3 Bxb3 49. Kxb3 Nc3 50. Qg3 Qb7+ 51. Ka3 Qxe4 52. Qxd6 Nb5+
0-1

[Event "33. Münsterland Open"]
[Site "Senden"]
[Date "2015.10.12"]
[Round "4.7"]
[White "Böhm, Malte"]
[Black "Ackermann, Hans-Werner"]
[Result "0-1"]
[WhiteElo "2054"]
[BlackElo "2331"]
[PlyCount "36"]
[EventDate "2015.??.??"]

1. e4 d6 2. d4 Nf6 3. Nc3 Nbd7 4. Be3 e5 5. Nge2 Ng4 6. Bd2 c6 7. f3 Ngf6 8.
Be3 Be7 9. g4 g6 10. Qd2 Nb6 11. Ng3 h5 12. dxe5 dxe5 13. Qxd8+ Bxd8 14. g5 h4
15. Nge2 Nh7 16. Rg1 Nc4 17. Bc1 Bb6 18. Rh1 Ne3 0-1

[Event "33. Münsterland Open"]
[Site "Senden"]
[Date "2015.10.12"]
[Round "4.8"]
[White "Webb, Laurence"]
[Black "Meyer, Ulrich"]
[Result "1-0"]
[WhiteElo "2307"]
[BlackElo "2005"]
[PlyCount "39"]
[EventDate "2015.??.??"]
[WhiteTeam "SK Münster 32"]
[BlackTeam "SK Münster 32"]

1. e4 c6 2. d4 d5 3. e5 Bf5 4. Nf3 e6 5. Be2 c5 6. Be3 c4 7. O-O Be7 8. b3 cxb3
9. axb3 Nc6 10. c4 h5 11. Nc3 g5 12. c5 a6 13. b4 Nxb4 14. Qa4+ Nc6 15. Nb5 g4
16. Nd2 Nh6 17. Nd6+ Bxd6 18. cxd6 Rc8 19. Rfc1 Qd7 20. Nb3 1-0

[Event "33. Münsterland Open"]
[Site "Senden"]
[Date "2015.10.12"]
[Round "4.9"]
[White "Torres-Kuckel, Rafael"]
[Black "Mittelbachert, Ulrich"]
[Result "1-0"]
[WhiteElo "2225"]
[BlackElo "1987"]
[PlyCount "83"]
[EventDate "2015.??.??"]
[WhiteTeam "SV Ahlen"]
[BlackTeam "SK Sodingen-Castrop"]

1. e4 d5 2. exd5 Nf6 3. c4 c6 4. d4 cxd5 5. Nc3 e6 6. Nf3 Be7 7. a3 O-O 8. Bd3
b6 9. O-O dxc4 10. Bxc4 Ba6 11. Nb5 Nbd7 12. Qe2 Rc8 13. Re1 Bxb5 14. Bxb5 Nd5
15. Bd2 Bf6 16. Rac1 Re8 17. Rxc8 Qxc8 18. Rc1 Qd8 19. Qc4 Qe7 20. Qa4 Rd8 21.
h3 h6 22. Kh1 Bg5 23. Bxg5 hxg5 24. Qxa7 g4 25. hxg4 Qf6 26. Re1 Nf8 27. Kg1
Ng6 28. Qa4 Qf4 29. Ne5 Qd2 30. Rb1 Rc8 31. Qd1 Qf4 32. Nxg6 fxg6 33. Bd7 Rf8
34. Bxe6+ Kh7 35. Qf3 Qh6 36. Qxf8 Nf6 37. Re1 Qd2 38. Re3 Qd1+ 39. Kh2 Qxd4
40. Rh3+ Nh5 41. gxh5 Qd6+ 42. Qxd6 1-0

[Event "33. Münsterland Open"]
[Site "Senden"]
[Date "2015.10.12"]
[Round "4.10"]
[White "Busche, Klaus"]
[Black "Hecht, Carsten"]
[Result "1/2-1/2"]
[WhiteElo "2045"]
[BlackElo "2176"]
[PlyCount "78"]
[EventDate "2015.??.??"]
[WhiteTeam "SV Ahlen"]
[BlackTeam "LSV Turm Lippstadt"]

1. c4 Nf6 2. Nc3 g6 3. Nf3 d5 4. cxd5 Nxd5 5. h4 Bg7 6. e4 Nb6 7. d4 Bg4 8. Be3
O-O 9. a4 a5 10. h5 Bxh5 11. Rxh5 gxh5 12. e5 Nd5 13. Nxd5 Qxd5 14. Ng5 h6 15.
Nh3 c5 16. Nf4 Qd8 17. Nxh5 Qd7 18. Bb5 Qe6 19. Nf4 Qc8 20. Rc1 Na6 21. e6 fxe6
22. Nxe6 Rf6 23. Nxc5 Nxc5 24. Rxc5 Qf8 25. Bc4+ Kh8 26. b3 b6 27. Rh5 Rf5 28.
Rh1 Rd8 29. g4 Rf4 30. d5 Qf6 31. Qc1 Rf8 32. Bxf4 Qxf4 33. Qxf4 Rxf4 34. g5
Bd4 35. Rxh6+ Kg7 36. Rh2 Rg4 37. Kf1 Rxg5 38. Rg2 Rxg2 39. Kxg2 Kf6 1/2-1/2

[Event "33. Münsterland Open"]
[Site "Senden"]
[Date "2015.10.13"]
[Round "5.1"]
[White "Kantans, Toms"]
[Black "Zubarev, Alexander"]
[Result "1-0"]
[WhiteElo "2504"]
[BlackElo "2542"]
[PlyCount "59"]
[EventDate "2015.??.??"]
[WhiteTeam "SG Speyer-Schwegenheim"]
[BlackTeam "SC Siegburg"]

1. e4 c5 2. Nf3 d6 3. d4 cxd4 4. Nxd4 Nf6 5. Nc3 Nc6 6. Bg5 e6 7. Qd2 a6 8.
O-O-O Bd7 9. f3 Be7 10. h4 Na5 11. g4 b5 12. Bd3 Qc7 13. Kb1 Nc4 14. Bxc4 Qxc4
15. e5 b4 (15... dxe5 16. Nf5 $1 exf5 17. Bxf6 Bxf6 18. Qxd7+ Kf8 19. g5 Be7
20. Nd5 Re8 21. Rhe1 Qc8 22. Nb6 Qxd7 23. Nxd7+ Kg8 24. Rxe5 $18) 16. exf6 bxc3
17. fxg7 Rg8 18. Qe3 Qb4 19. b3 Rc8 20. Ne2 Bb5 21. Bxe7 Kxe7 22. Nf4 Bc6 23.
Rd3 Bb7 24. Nh5 Qc5 25. Qh6 Qe5 26. Rhd1 d5 27. Re3 Qc7 28. Qg5+ Kd6 29. Nf6
Qb6 30. Qe5+ 1-0

[Event "33. Münsterland Open"]
[Site "Senden"]
[Date "2015.10.13"]
[Round "5.2"]
[White "Virnyi, Julius"]
[Black "Podzielny, Karl-Heinz"]
[Result "0-1"]
[WhiteElo "2100"]
[BlackElo "2409"]
[PlyCount "43"]
[EventDate "2015.??.??"]
[WhiteTeam "SK Münster"]
[BlackTeam "SV Letmathe"]

1. d4 Nf6 2. Nf3 g6 3. c4 Bg7 4. Nc3 O-O 5. Bg5 c5 6. d5 d6 7. e3 b5 8. cxb5 a6
9. Nd2 Nbd7 10. a4 Qa5 11. Ra3 Nb6 12. e4 e6 13. Qf3 Nfd7 14. dxe6 fxe6 15. Qh3
Re8 16. Be2 d5 17. O-O Ne5 18. Be3 c4 19. f4 Nf7 20. e5 Nd7 21. Bd4 Bf8 22. Qe3
0-1

[Event "33. Münsterland Open"]
[Site "Senden"]
[Date "2015.10.13"]
[Round "5.3"]
[White "Gebhardt, Ulrich"]
[Black "Schuh, Dirk"]
[Result "0-1"]
[WhiteElo "2170"]
[BlackElo "2360"]
[PlyCount "54"]
[EventDate "2015.??.??"]
[WhiteTeam "SK Ettlingen"]
[BlackTeam "Düsseldorfer SK"]

1. d4 d5 2. c4 dxc4 3. Nf3 Nf6 4. e3 Bg4 5. Bxc4 e6 6. Qb3 Bxf3 7. gxf3 c5 8.
Qxb7 Nbd7 9. Nc3 cxd4 10. exd4 Bd6 11. Ne4 Nxe4 12. fxe4 O-O 13. Rg1 Rb8 14.
Qxa7 Kh8 15. Qa4 Nb6 16. Qb3 Bxh2 17. Rh1 Qxd4 18. Be2 Be5 19. Qd3 Na4 20. Qxd4
Bxd4 21. Rb1 Nc3 22. Ra1 Nxe4 23. Bd3 Nxf2 24. Rxh7+ Kg8 25. Bb1 Rfc8 26. Rh4
Rxc1+ 27. Kd2 Rd1+ 0-1

[Event "33. Münsterland Open"]
[Site "Senden"]
[Date "2015.10.13"]
[Round "5.4"]
[White "Schleining, Zoya"]
[Black "Beutelhoff, Josef"]
[Result "1-0"]
[WhiteElo "2363"]
[BlackElo "2121"]
[PlyCount "73"]
[EventDate "2015.??.??"]
[WhiteTeam "SV Letmathe"]
[BlackTeam "SF Olfen"]

1. d4 Nf6 2. c4 e6 3. g3 c5 4. Nf3 cxd4 5. Nxd4 d6 6. Bg2 a6 7. Nc3 Be7 8. O-O
Qc7 9. Bg5 h6 10. Bxf6 Bxf6 11. Ne4 Be7 12. Rc1 O-O 13. Qd2 Nc6 14. Rfd1 Rd8
15. e3 f5 16. Nc3 Nxd4 17. exd4 Bg5 18. f4 Bf6 19. b3 Bd7 20. Kh1 Kh8 21. d5 e5
22. Ne2 Rac8 23. Qe3 Re8 24. Qf2 e4 25. Qe3 b6 26. b4 a5 27. a3 Bb2 28. Rb1 Bf6
29. Rdc1 axb4 30. axb4 Qa7 31. Bf1 Rc7 32. Nd4 b5 33. c5 Rec8 34. Ra1 Qb8 35.
c6 Be8 36. Ra3 Qb6 37. Nxb5 1-0

[Event "33. Münsterland Open"]
[Site "Senden"]
[Date "2015.10.13"]
[Round "5.5"]
[White "Ackermann, Hans Werner"]
[Black "Quante, Lennart"]
[Result "1-0"]
[WhiteElo "2331"]
[BlackElo "2106"]
[PlyCount "57"]
[EventDate "2015.??.??"]
[WhiteTeam "SSC Rostock"]
[BlackTeam "SK Münster"]

1. Nf3 c5 2. b3 d6 3. Bb2 e5 4. g3 g6 5. c4 Bg7 6. Bg2 Ne7 7. Nc3 Nbc6 8. d3
Rb8 9. O-O O-O 10. e3 a6 11. Qe2 b5 12. Rfd1 Re8 13. Nd2 Bf5 14. Nde4 Qc7 15.
g4 Be6 16. Ng5 Rf8 17. Nxe6 fxe6 18. Ne4 Rbe8 19. Rac1 b4 20. Ra1 Rf7 21. Rf1
h6 22. a3 a5 23. axb4 axb4 24. Ra6 Rd8 25. Ba1 Na5 26. Qa2 Nec6 27. Qa4 Rc8 28.
Bb2 Nb7 29. Rxc6 1-0

[Event "33. Münsterland Open"]
[Site "Senden"]
[Date "2015.10.13"]
[Round "5.6"]
[White "Holtel, Jasper"]
[Black "Baumann, Stephan"]
[Result "1-0"]
[WhiteElo "2316"]
[BlackElo "1996"]
[PlyCount "85"]
[EventDate "2015.??.??"]
[WhiteTeam "SK Münster"]
[BlackTeam "SK Münster"]

1. Nf3 d6 2. d4 Nd7 3. e4 e5 4. Bc4 Be7 5. dxe5 Nxe5 6. Nxe5 dxe5 7. Qh5 g6 8.
Qxe5 Nf6 9. Bh6 Qd6 10. Qxd6 cxd6 11. Nc3 Be6 12. Bb5+ Kd8 13. O-O-O Kc7 14.
Be2 a6 15. Bf4 Rad8 16. a4 Rhe8 17. a5 Ng4 18. Bxg4 Bxg4 19. Nd5+ Kd7 20. Rd3
Be6 21. Rhd1 Bxd5 22. Rxd5 Ke6 23. e5 g5 24. Bg3 dxe5 25. Rxe5+ Kf6 26. Rde1
Rd7 27. f4 h6 28. fxg5+ hxg5 29. h4 Kg6 30. hxg5 Kg7 31. Kb1 Kf8 32. g6 f6 33.
Re6 Red8 34. Ka2 Bb4 35. Rxf6+ Kg7 36. Ref1 Bxa5 37. Be5 Bc7 38. Rd6+ Kg8 39.
Rh1 Rg7 40. Rxd8+ Bxd8 41. Bxg7 Kxg7 42. Rh7+ Kxg6 43. Rxb7 1-0

[Event "33. Münsterland Open"]
[Site "Senden"]
[Date "2015.10.13"]
[Round "5.7"]
[White "Kammers, Heribert"]
[Black "Webb, Laurence"]
[Result "0-1"]
[WhiteElo "2123"]
[BlackElo "2307"]
[PlyCount "48"]
[EventDate "2015.??.??"]
[WhiteTeam "SK Münster"]
[BlackTeam "SK Münster"]

1. d4 Nf6 2. Bg5 e6 3. e4 h6 4. Bxf6 Qxf6 5. c3 c5 6. Nf3 cxd4 7. cxd4 Bb4+ 8.
Nc3 d6 9. Qa4+ Nc6 10. Bb5 Bd7 11. O-O Bxc3 12. bxc3 Qe7 13. d5 Nb8 14. e5 O-O
15. exd6 Qxd6 16. Rfd1 e5 17. Nxe5 Qxe5 18. Bxd7 Na6 19. Qd4 Qd6 20. Bf5 Nc5
21. c4 Rfe8 22. Re1 b6 23. Re3 Rxe3 24. Qxe3 Qf6 0-1

[Event "33. Münsterland Open"]
[Site "Senden"]
[Date "2015.10.13"]
[Round "5.8"]
[White "Stöckmann, Helmut"]
[Black "Torres-Kuckel, Rafael"]
[Result "0-1"]
[WhiteElo "2116"]
[BlackElo "2225"]
[PlyCount "98"]
[EventDate "2015.??.??"]
[WhiteTeam "SF Neuenkirchen"]
[BlackTeam "SV Ahlen"]

1. c4 Nf6 2. Nc3 e5 3. g3 d5 4. cxd5 Nxd5 5. Bg2 Nb6 6. Nf3 Nc6 7. O-O Be7 8.
d3 O-O 9. Be3 Re8 10. Rc1 Bf8 11. Ne4 Nd4 12. Re1 Bg4 13. Bxd4 exd4 14. Nc5 Rb8
15. Nb3 Bb4 16. Rf1 Bxf3 17. Bxf3 c6 18. a3 Be7 19. Rc2 Bg5 20. Qe1 Re5 21. Rc5
Rxc5 22. Nxc5 Nd5 23. Qd1 Be7 24. Qc2 g6 25. Rc1 Bg5 26. Rf1 h5 27. Qa4 a6 28.
Qc4 Nb6 29. Qb3 h4 30. Kg2 Nd7 31. Nxd7 Qxd7 32. h3 Kg7 33. g4 Re8 34. Qc4 Bd8
35. b4 Bc7 36. Rh1 Re5 37. a4 Qd6 38. Qb3 Bd8 39. Qc4 Rg5 40. Rb1 Bc7 41. Rh1
Re5 42. Kf1 a5 43. Kg2 axb4 44. Qb3 Ra5 45. Qc2 Rc5 46. Qd2 Rc3 47. Qg5 Bd8 48.
Qd2 b3 49. Qb2 Bc7 0-1

[Event "33. Münsterland Open"]
[Site "Senden"]
[Date "2015.10.13"]
[Round "5.9"]
[White "Hecht, Carsten"]
[Black "Eiersbrock, Robin"]
[Result "1-0"]
[WhiteElo "2176"]
[BlackElo "1984"]
[PlyCount "81"]
[EventDate "2015.??.??"]
[WhiteTeam "LSV Turm Lippstadt"]
[BlackTeam "SK Dülmen"]

1. e4 c5 2. Nf3 g6 3. d4 cxd4 4. Nxd4 Bg7 5. c4 Nc6 6. Be3 Nf6 7. Nc3 d6 8. Be2
O-O 9. f3 Bd7 10. Qd2 Ne5 11. O-O Rc8 12. b3 a6 13. Rac1 Re8 14. Nd5 e6 15.
Nxf6+ Bxf6 16. Rfd1 Be7 17. Kh1 Nc6 18. Nc2 Bf8 19. Bf4 e5 20. Bg5 Qa5 21. Qxa5
Nxa5 22. c5 Rxc5 23. b4 Rxc2 24. Rxc2 Ba4 25. Rc7 Bxd1 26. Bxd1 Nc6 27. Rxb7
Nd4 28. h3 Rc8 29. Ba4 h6 30. Bf6 Ne6 31. Bb3 Rc7 32. Rb8 Nd4 33. Bd5 Ra7 34.
a4 Nc2 35. Kg1 Rc7 36. b5 axb5 37. axb5 Ne3 38. b6 Nxd5 39. exd5 Rd7 40. b7 Rc7
41. Rxf8+ 1-0

[Event "33. Münsterland Open"]
[Site "Senden"]
[Date "2015.10.13"]
[Round "5.10"]
[White "Huhndorf, Arnold"]
[Black "Krebel, Christoph"]
[Result "1-0"]
[WhiteElo "2255"]
[BlackElo "2040"]
[PlyCount "71"]
[EventDate "2015.??.??"]
[WhiteTeam "SV Würselen"]
[BlackTeam "SV Wesel"]

1. d4 d5 2. c4 c6 3. Nf3 Nf6 4. Nc3 dxc4 5. g3 Bf5 6. Ne5 Nbd7 7. Nxc4 e6 8.
Bg2 Be7 9. O-O O-O 10. e4 Bg6 11. a3 b5 12. Nd2 Nb6 13. Nb3 a5 14. e5 Nfd5 15.
Ne4 Nd7 16. Bf4 Rc8 17. Rc1 Qb6 18. Nbc5 Rfd8 19. Bg5 Bxg5 20. Nxg5 Nxc5 21.
dxc5 Qc7 22. Qe2 Qe7 23. h4 h6 24. Ne4 Bxe4 25. Bxe4 Rd7 26. Bb1 Rf8 27. Qe4 f5
28. exf6 Nxf6 29. Qxc6 Rd2 30. Rc2 Rfd8 31. Rxd2 Rxd2 32. Qxb5 Ng4 33. Qb8+ Rd8
34. Qf4 Nf6 35. b4 axb4 36. axb4 1-0

[Event "33. Münsterland Open"]
[Site "Senden"]
[Date "2015.10.13"]
[Round "6.1"]
[White "Podzielny, Karl-Heinz"]
[Black "Kantans, Toms"]
[Result "0-1"]
[WhiteElo "2409"]
[BlackElo "2504"]
[PlyCount "132"]
[EventDate "2015.??.??"]
[WhiteTeam "SV Letmathe"]
[BlackTeam "SG Speyer-Schwegenheim"]

1. Nf3 Nf6 2. g3 g6 3. Bg2 Bg7 4. O-O O-O 5. d3 d5 6. a3 c5 7. c3 Nc6 8. b4 b6
9. bxc5 bxc5 10. Nbd2 Rb8 11. Qc2 Ba6 12. c4 dxc4 13. Nxc4 Nd5 14. Ra2 Nd4 15.
Nxd4 cxd4 16. Qa4 Bxc4 17. Qxc4 Nc3 18. Rc2 Qa5 19. Bf3 Rfc8 20. Rb2 Be5 21.
Rxb8 Rxb8 22. e3 Nb5 23. Qd5 Qc7 24. Bd2 e6 25. Qe4 dxe3 26. Bxe3 Bb2 27. Kg2
Bxa3 28. d4 a5 29. Rb1 Bb4 30. Rc1 Qd7 31. Qd3 Nd6 32. Bc6 Qe7 33. Bf4 Rd8 34.
Qb3 Nf5 35. d5 e5 36. Be3 Nxe3+ 37. Qxe3 Rb8 38. Rc2 Bd6 39. h4 Rb4 40. h5 f5
41. hxg6 hxg6 42. Qh6 Qh7 43. Qg5 Rb1 44. Rc1 Rxc1 45. Qxc1 Qe7 46. Qh6 Qf7 47.
Qg5 Kg7 48. Qd8 Qc7 49. Qe8 Qe7 50. Qa8 Bb4 51. Be8 e4 52. Qc6 Bd6 53. Bd7 Qe5
54. Kf1 e3 55. fxe3 Qxg3 56. Qc3+ Be5 57. Qc5 Kh6 58. Be8 Bd6 59. Qd4 Qf3+ 60.
Kg1 Bg3 61. Qd2 Bh4 62. Bb5 Qg3+ 63. Kf1 Bg5 64. Ke2 Qg4+ 65. Kf1 Qf3+ 66. Qf2
Qd1+ 0-1